000 00583nam a22001817a 4500
999 _c176494
_d176494
005 20210104123922.0
010 _aENG-128722
020 _a978-93-5287-787-4
_c110.00
035 _aEN-112254
037 _bDBAD/PUB
082 _a881
245 _aThe Magic Casement
260 _aTelangana
_bOrient Blackswan Private Limited
_c2019
270 _bTelangana
_e500029
_a3-6-752, Himayatnagar, Hyderabad
_minfo@orientblackswan.com
300 _a130p.
_c22cm(pbk)
500 _aPrepared by Sant Gadge Baba Amravati University, Amravati
942 _2ddc
_cEN
_h881
_mMAG